00450 2200169 4500001002100000005001500021008004100036035001900077041000700096082000800103090001400111100003500125245005700160260003300217300001900250650001100269INLIS00000000001298520241224114453241224||||||||| | ||| |||| || |  0010-1224012985 aid0 a395 a395 PEN m0 aIdrus Hakimy DT. Rajo Penghulu00aRangkaian MUSTIKA ADAT BASANDI SYARAK DI Minangkabau aBandungbRosda Bandungc1978 a221hlm;14X21cm 0aFolkor